000 00293nam a22001337a 4500
008 170616b xxu||||| |||| 00| 0 eng d
020 _a0691022747
041 _aeng
080 _a32
100 _a20
101 _aSHP
245 _aRETHINKING MILITARY POLITICS
_cSTEPAN, A
942 _2udc
_cBK
999 _c17894
_d17894